000 02190cam a2200229 i 4500
999 _c14258
_d14258
003 OSt
005 20260304192410.0
008 230607s2024 nyua 001 0 eng
020 _a9781032277608
_q(pbk.)
042 _apcc
082 0 0 _a777
_223/eng/20230607
100 1 _aMcHenry, David,
_eauthor.
245 1 0 _aDrawing the line :
_btechnical hand drafting for film and television /
_cDavid McHenry.
250 _aSecond edition.
300 _aix, 205 pages :
_billustrations ;
_c22 x28 cm
500 _aIncludes index.
520 _a"This is the definitive guide for all aspects of scenic hand drafting for film and television, now comprehensively updated and revised for its second edition. Author, David McHenry, utilizes 40 years of experience as a Designer, Art Director, Storyboard Artist and Draftsman to provide readers with an accessible step-by-step guide of professional techniques, tools and workflows. Readers will discover how to draw the iconic scroll of a classical column or learn the difference between Flemish and English bond brickwork, as well as all four types of drafting projection in detail: isometric, oblique, orthographic, and axonometric. Also included is hard-to-find information on lens angles and their calculation for different screen aspect ratios, how to create a lens projection image of a set with a given lens, height and aspect ratio, and how to create forced perspective. Beautifully illustrated with carefully crafted hand-drawn illustrations on every page, this thoroughly revised text has been updated to include new examples and exercises and a revised glossary, making it the ideal step-by-step guide to hand drafting for film and television. This is an essential resource for students of drafting for film and television, scene design, and art direction courses. It will also hugely benefit professionals studying or working in film and television design"--
650 0 _aMechanical drawing
_xTechnique.
650 0 _aTheaters
_xStage-setting and scenery.
776 0 8 _iOnline version:
_aMcHenry, David.
_tDrawing the line
_bSecond edition.
_dNew York : Routledge, Taylor & Francis Group, 2024
_z9781003293972
_w(DLC) 2023026823
942 _2ddc